000 00445nam a2200181Ia 4500
001 18652
005 20260306171646.0
008 260306s9999||||xx |||||||||||||| ||und||
041 _aESP
082 _a658.4093
_bB82
100 _aBrenes, Esteban R.
_eAUT
245 0 _aEl futuro del emprendimiento en Latinoamérica
260 _c2017
300 _a256 páginas :
_c25 cm.
650 _aGEN
654 _aCHU
942 _cLIB
_dJUS
_fJUS
_2ddc
_n
999 _c18652
_d18652